[Event "DM 2021 Kort Paaske 1"]
[Site "Svendborg"]
[Date "2021.10.16"]
[Round "1.1"]
[White "Hansen, Alex"]
[Black "Olesen, Poul Guldbaek"]
[Result "1-0"]
[WhiteElo "1862"]
[BlackElo "1440"]
[PlyCount "91"]
[EventDate "2021.10.17"]
[EventType "swiss"]
[EventRounds "5"]
[EventCountry "DEN"]

1. d4 Nf6 2. c4 e6 3. Nf3 b6 4. e3 Bb7 5. b3 Bb4+ 6. Bd2 Bxd2+ 7. Nbxd2 d5 8.
Bd3 O-O 9. O-O Nbd7 10. Qe2 Qe7 11. Ne5 Rac8 12. f4 Rfd8 13. g4 g6 14. Rf2 dxc4
15. Ndxc4 Ne4 16. Bxe4 Bxe4 17. Nd2 Bb7 18. g5 c5 19. Ndf3 cxd4 20. exd4 Nxe5
21. dxe5 Qb4 22. Ne1 Qe4 23. Ng2 Qxe2 24. Rxe2 Rd4 25. Rf2 Rc3 26. Re1 Rf3 27.
Ref1 Rh3 28. Rc1 Rd7 29. Rfc2 Rhd3 30. Ne1 Rd1 31. Rxd1 Rxd1 32. Kf2 Rd4 33.
Kg3 Be4 34. Rf2 Bf5 35. Nf3 Rd3 36. Rd2 Rxd2 37. Nxd2 Kg7 38. Nc4 Bb1 39. a3
Bc2 40. b4 b5 41. Nd6 Bd3 42. Kf3 Kf8 43. Ke3 Bf1 44. Kd4 a6 45. Kc5 Bg2 46.
Kb6 1-0

[Event "DM 2021 Kort Paaske 1"]
[Site "Svendborg"]
[Date "2021.10.16"]
[Round "1.2"]
[White "Andersen, Sten Bo"]
[Black "Hansen, Mikkel Strandby"]
[Result "0-1"]
[WhiteElo "1399"]
[BlackElo "1763"]
[PlyCount "88"]
[EventDate "2021.10.17"]
[EventType "swiss"]
[EventRounds "5"]
[EventCountry "DEN"]

1. e4 e6 2. d4 d5 3. Nc3 Nf6 4. e5 Nfd7 5. Nf3 c5 6. Bb5 Nc6 7. Bxc6 bxc6 8.
O-O Be7 9. Bf4 O-O 10. Re1 Rb8 11. b3 Bb7 12. Qd2 cxd4 13. Nxd4 Bb4 14. a3 Ba5
15. b4 Bc7 16. Qe3 Kh8 17. Qg3 c5 18. Bg5 Qc8 19. bxc5 Bxe5 20. Rxe5 Nxe5 21.
Be7 Nc6 22. Nxc6 Qxc6 23. Bxf8 Rxf8 24. Qd6 Rc8 25. Ne2 Qb5 26. Qe7 Qb2 27. Rc1
Ba6 28. Qd7 Rf8 29. Qe7 Rg8 30. Qg5 Bxe2 31. Qe3 Bc4 32. f3 h6 33. a4 Rc8 34.
c3 Rxc5 35. Re1 Ra5 36. h3 Rxa4 37. Kh2 Ra2 38. Rg1 Qd2 39. Qe5 Qg5 40. Qb8+
Kh7 41. Qb1+ Qf5 42. Qd1 a5 43. Kh1 Be2 44. Qb3 Bxf3 0-1

[Event "DM 2021 Kort Paaske 1"]
[Site "Svendborg"]
[Date "2021.10.16"]
[Round "1.4"]
[White "Hansen, Patrick Noumedem"]
[Black "Dreyer Stapput, Jakob"]
[Result "0-1"]
[WhiteElo "1178"]
[BlackElo "1496"]
[PlyCount "160"]
[EventDate "2021.10.17"]
[EventType "swiss"]
[EventRounds "5"]
[EventCountry "DEN"]

1. d4 Nf6 2. c4 g6 3. Nf3 Bg7 4. e3 O-O 5. b3 d6 6. Bd3 Nfd7 7. O-O e5 8. Bb2
Nc6 9. Nbd2 f5 10. Qe2 e4 11. Nxe4 fxe4 12. Bxe4 Nf6 13. Bd3 Nb4 14. Qd2 Nxd3
15. Qxd3 Bf5 16. Qe2 Qe7 17. Rad1 Ne4 18. Nd2 Nxd2 19. Qxd2 Qg5 20. Kh1 Rae8
21. Rde1 Kh8 22. f3 b6 23. Bc3 c5 24. e4 Qxd2 25. Bxd2 Bd7 26. dxc5 dxc5 27.
Rd1 Rd8 28. Bg5 Bf6 29. Bf4 Bd4 30. Rfe1 Be6 31. Bg5 Rd7 32. Rd3 Kg7 33. Red1
h6 34. Bh4 g5 35. Bg3 Rfd8 36. Rc1 Kf6 37. f4 gxf4 38. Bxf4 Kg6 39. h3 Bf6 40.
Rg3+ Kh7 41. Rf1 Rd1 42. Rgf3 Rxf1+ 43. Rxf1 Bg5 44. Bc7 Rd2 45. a4 Rd3 46. Rb1
Bd8 47. Bb8 a6 48. e5 Bf5 49. Bd6 Rxd6 50. Rf1 Re6 51. Rxf5 Kg6 52. Rf8 Bc7 53.
Ra8 a5 54. Rg8+ Kh7 55. Rg4 Rxe5 56. Kg1 Re3 57. Kf2 Rxb3 58. Re4 Rg3 59. Re7+
Rg7 60. Re4 Rf7+ 61. Ke3 Kg6 62. Rg4+ Kf5 63. Re4 Rf6 64. Rh4 Rg6 65. g3 Bxg3
66. Re4 Re6 67. Rxe6 Kxe6 68. Kf3 Bd6 69. Ke4 Be7 70. Kf4 Bd6+ 71. Ke4 h5 72.
Kd3 Kf5 73. Ke3 Kg5 74. Kf3 Kh4 75. Kg2 Bc7 76. Kh1 Kxh3 77. Kg1 Kg3 78. Kh1
Kf3 79. Kg1 Ke3 80. Kg2 Kd3 0-1

[Event "DM 2021 Kort Paaske 1"]
[Site "Svendborg"]
[Date "2021.10.16"]
[Round "1.5"]
[White "Snedker, Oliver Kaehne"]
[Black "Skytte, Robert"]
[Result "1-0"]
[WhiteElo "1463"]
[BlackElo "1247"]
[PlyCount "59"]
[EventDate "2021.10.17"]
[EventType "swiss"]
[EventRounds "5"]
[EventCountry "DEN"]

1. c4 c6 2. Nc3 d5 3. cxd5 cxd5 4. d4 Nc6 5. Nf3 Bf5 6. Qb3 b6 7. Nxd5 e6 8.
Nc3 Nxd4 9. Qa4+ b5 10. Qxd4 Qxd4 11. Nxd4 b4 12. Nb1 Bg6 13. Bf4 Rd8 14. e3
Bd6 15. Bb5+ Kf8 16. Bxd6+ Rxd6 17. O-O a6 18. Ba4 Nf6 19. Rc1 Rg8 20. Nd2 e5
21. N4b3 Bd3 22. Rc8+ Ke7 23. Rc7+ Kf8 24. Rac1 Rd8 25. Nc5 Be2 26. Nd7+ Ke7
27. Nc5+ Kf8 28. Nd7+ Ke7 29. Nxe5+ Ke6 30. Ndf3 1-0

[Event "DM 2021 Kort Paaske 1"]
[Site "Svendborg"]
[Date "2021.10.17"]
[Round "2.1"]
[White "Werner, Jakob"]
[Black "Hansen, Alex"]
[Result "1-0"]
[WhiteElo "1686"]
[BlackElo "1862"]
[PlyCount "73"]
[EventDate "2021.10.17"]
[EventType "swiss"]
[EventRounds "5"]
[EventCountry "DEN"]

1. d4 d5 2. c4 c6 3. Nc3 Nf6 4. Nf3 e6 5. e3 Bd6 6. Bd3 Nbd7 7. a3 O-O 8. O-O
e5 9. cxd5 cxd5 10. dxe5 Nxe5 11. Be2 Be6 12. Nd4 Nc6 13. Ncb5 Bc5 14. b4 Bb6
15. Bb2 a6 16. Nxc6 bxc6 17. Nd4 c5 18. bxc5 Bxc5 19. Qd3 Ne4 20. Bf3 Ng5 21.
Be2 Ne4 22. Bf3 Nd6 23. Nxe6 fxe6 24. Qc3 Qc7 25. Rfc1 Nc4 26. Bg4 Rf6 27. Rab1
Qe7 28. Qd3 Nxb2 29. Rxb2 Bxa3 30. Qb3 Bxb2 31. Qxb2 a5 32. g3 a4 33. Qb6 Ra7
34. Rc6 a3 35. Bxe6+ Rxe6 36. Rxe6 Qc7 37. Re8+ 1-0

[Event "DM 2021 Kort Paaske 1"]
[Site "Svendborg"]
[Date "2021.10.17"]
[Round "2.3"]
[White "Dreyer Stapput, Jakob"]
[Black "Andersen, Sten Bo"]
[Result "1-0"]
[WhiteElo "1496"]
[BlackElo "1399"]
[PlyCount "79"]
[EventDate "2021.10.17"]
[EventType "swiss"]
[EventRounds "5"]
[EventCountry "DEN"]

1. d4 e6 2. Nc3 Nf6 3. Bf4 Bb4 4. e3 a6 5. Bd3 d5 6. Nge2 O-O 7. a3 Bd6 8. O-O
c5 9. dxc5 Bxc5 10. e4 d4 11. Na4 Ba7 12. b3 b5 13. Nb2 Nc6 14. e5 Nd5 15. Bg3
Nc3 16. Qd2 Nxe2+ 17. Qxe2 Rb8 18. Qe4 g6 19. Qxc6 Qd7 20. Qf3 Bb7 21. Be4 Bxe4
22. Qxe4 Rbc8 23. Rac1 f5 24. exf6 Rxf6 25. Be5 Rf5 26. Nd3 a5 27. g4 Rf7 28.
Bf4 Qe7 29. Ne5 Rff8 30. Bh6 Rfe8 31. Nc6 Qc7 32. Nxa7 Qxa7 33. Qe5 Qd7 34.
Rfd1 Rc3 35. Rxd4 Qf7 36. Rd8 Rxd8 37. Qxc3 a4 38. Re1 Re8 39. Re3 Qe7 40. Rxe6
1-0

[Event "DM 2021 Kort Paaske 1"]
[Site "Svendborg"]
[Date "2021.10.17"]
[Round "2.4"]
[White "Olesen, Poul Guldbaek"]
[Black "Hansen, Patrick Noumedem"]
[Result "1-0"]
[WhiteElo "1440"]
[BlackElo "1178"]
[PlyCount "123"]
[EventDate "2021.10.17"]
[EventType "swiss"]
[EventRounds "5"]
[EventCountry "DEN"]

1. Nf3 d5 2. d4 Nf6 3. Bf4 Bf5 4. e3 e6 5. Bd3 Bg6 6. O-O Bd6 7. Bxd6 Qxd6 8.
c4 Qb4 9. Bxg6 hxg6 10. Qd2 Qxc4 11. Ne5 Qa6 12. Nc3 Nbd7 13. Nd3 Qd6 14. f4 g5
15. Nb5 Qc6 16. a4 gxf4 17. Rac1 Qb6 18. Nxc7+ Kd8 19. Nxa8 Qd6 20. Qb4 Qxb4
21. Nxb4 fxe3 22. Nc7 a6 23. Rfe1 Nb6 24. Rxe3 Nc4 25. Rec3 Nxb2 26. Nxe6+ Kd7
27. Nxg7 Nxa4 28. Rc7+ Kd6 29. Nf5+ Ke6 30. Ng3 Rh4 31. Re1+ Kd6 32. Nf5+ Kxc7
33. Nxh4 Nb6 34. Re7+ Nfd7 35. Rxf7 a5 36. Nd3 Kd6 37. Nf3 Nc4 38. Nfe5 Ke6 39.
Rxd7 a4 40. Nc5+ Kf6 41. Nxc4 dxc4 42. Nxa4 b5 43. Rb7 bxa4 44. Ra7 Ke6 45.
Rxa4 Kd5 46. h4 c3 47. Ra3 Kxd4 48. Rxc3 Kxc3 49. h5 Kd4 50. h6 Ke5 51. h7 Kd5
52. h8=Q Kc5 53. Qd8 Kc6 54. g4 Kc5 55. g5 Kc6 56. g6 Kc5 57. g7 Kc6 58. g8=Q
Kc5 59. Qdd5+ Kb6 60. Qge6+ Ka7 61. Qdd7+ Ka8 62. Qee8# 1-0

[Event "DM 2021 Kort Paaske 1"]
[Site "Svendborg"]
[Date "2021.10.17"]
[Round "2.5"]
[White "Skytte, Robert"]
[Black "Nielsen, Michael V"]
[Result "0-1"]
[WhiteElo "1247"]
[BlackElo "1601"]
[PlyCount "58"]
[EventDate "2021.10.17"]
[EventType "swiss"]
[EventRounds "5"]
[EventCountry "DEN"]

1. d4 d6 2. Bf4 b6 3. e3 Bb7 4. Nf3 e6 5. Be2 Be7 6. c4 Nf6 7. h3 O-O 8. Nc3 c5
9. O-O Re8 10. d5 exd5 11. cxd5 Bf8 12. Bb5 Nbd7 13. Re1 a6 14. Bf1 b5 15. Bxb5
axb5 16. Nxb5 Nb6 17. Nc3 Nbxd5 18. Nxd5 Bxd5 19. Ng5 Rxa2 20. Rxa2 Bxa2 21.
Qa4 Qa8 22. Qb5 Bd5 23. Qf1 Rb8 24. Re2 Bc4 25. Nf3 Bxe2 26. Qxe2 Qa1+ 27. Kh2
Qxb2 28. Qxb2 Rxb2 29. Kg1 Ne4 0-1

[Event "DM 2021 Kort Paaske 1"]
[Site "Svendborg"]
[Date "2021.10.17"]
[Round "3.1"]
[White "Dreyer Stapput, Jakob"]
[Black "Werner, Jakob"]
[Result "0-1"]
[WhiteElo "1496"]
[BlackElo "1686"]
[PlyCount "84"]
[EventDate "2021.10.17"]
[EventType "swiss"]
[EventRounds "5"]
[EventCountry "DEN"]

1. d4 d5 2. Nc3 Nf6 3. Bf4 c6 4. e3 g6 5. h4 Bg7 6. Be2 h5 7. Nf3 Qb6 8. Na4
Qa5+ 9. c3 Nbd7 10. Ne5 Nxe5 11. Bxe5 Bf5 12. Nc5 Qb6 13. Na4 Qd8 14. Nc5 b6
15. Nd3 Bxd3 16. Qxd3 O-O 17. f3 c5 18. g4 hxg4 19. fxg4 Ne4 20. Bf4 Qd7 21.
Bf3 Qe6 22. Bxe4 dxe4 23. Qe2 Rac8 24. h5 cxd4 25. exd4 f5 26. g5 Kf7 27. d5
Qxd5 28. hxg6+ Ke6 29. Rd1 Qc6 30. Rh7 Rg8 31. Qh5 Qc5 32. Rxg7 Rxg7 33. Ke2
Qb5+ 34. Ke1 Qxb2 35. Qh6 Qxc3+ 36. Bd2 Qe5 37. Bf4 Qc3+ 38. Bd2 Qg3+ 39. Ke2
Qf3+ 40. Ke1 Rcg8 41. Rc1 e3 42. Bc3 Qf2+ 0-1

[Event "DM 2021 Kort Paaske 1"]
[Site "Svendborg"]
[Date "2021.10.17"]
[Round "3.2"]
[White "Hansen, Alex"]
[Black "Hansen, Mikkel Strandby"]
[Result "1-0"]
[WhiteElo "1862"]
[BlackElo "1763"]
[PlyCount "79"]
[EventDate "2021.10.17"]
[EventType "swiss"]
[EventRounds "5"]
[EventCountry "DEN"]

1. d4 e6 2. c4 d5 3. e3 Nf6 4. Nf3 Be7 5. b3 O-O 6. Bd3 b6 7. Nbd2 Bb7 8. O-O
c5 9. Bb2 Nc6 10. Qe2 Rc8 11. Rad1 Qc7 12. Ne5 Rfd8 13. Ndf3 a5 14. Nxf7 Kxf7
15. Ng5+ Kg8 16. Nxe6 Qd6 17. Nxd8 Rxd8 18. dxc5 bxc5 19. Bxf6 Qxf6 20. cxd5
Ne5 21. Bc4 Bd6 22. e4 Bc8 23. f3 Qh6 24. g3 g5 25. Qd2 Rf8 26. Be2 c4 27. Qxa5
Bh3 28. Rf2 Nd7 29. b4 g4 30. f4 Bxf4 31. gxf4 Rxf4 32. Qd8+ Nf8 33. Rxf4 Qxf4
34. Qh4 Ng6 35. Qf2 Qxe4 36. d6 Nf4 37. Re1 c3 38. d7 Ne6 39. Bf1 Qa8 40. Rxe6
1-0

[Event "DM 2021 Kort Paaske 1"]
[Site "Svendborg"]
[Date "2021.10.17"]
[Round "3.3"]
[White "Nielsen, Michael V"]
[Black "Olesen, Poul Guldbaek"]
[Result "0-1"]
[WhiteElo "1601"]
[BlackElo "1440"]
[PlyCount "44"]
[EventDate "2021.10.17"]
[EventType "swiss"]
[EventRounds "5"]
[EventCountry "DEN"]

1. c4 e6 2. Nc3 Nf6 3. d4 b6 4. Nf3 Bb7 5. Bf4 d5 6. cxd5 Nxd5 7. Nxd5 Bxd5 8.
Qc2 c5 9. O-O-O Nd7 10. Kb1 cxd4 11. Qa4 f6 12. Nxd4 Be7 13. Nb5 O-O 14. e4 Nc5
15. Qc2 Bxe4 16. Rxd8 Bxc2+ 17. Kxc2 Rfxd8 18. Bc4 Kf7 19. Nc7 Rac8 20. Re1 Rd4
21. Bxe6+ Nxe6 22. Rxe6 Rxf4 0-1

[Event "DM 2021 Kort Paaske 1"]
[Site "Svendborg"]
[Date "2021.10.17"]
[Round "3.4"]
[White "Snedker, Oliver Kaehne"]
[Black "Hansen, Patrick Noumedem"]
[Result "1-0"]
[WhiteElo "1463"]
[BlackElo "1178"]
[PlyCount "57"]
[EventDate "2021.10.17"]
[EventType "swiss"]
[EventRounds "5"]
[EventCountry "DEN"]

1. e4 c6 2. d4 d5 3. exd5 cxd5 4. Bd3 e6 5. Bf4 Bd6 6. Bxd6 Qxd6 7. c3 Nc6 8.
Nf3 Nf6 9. O-O h6 10. Nbd2 O-O 11. Re1 Bd7 12. Ne5 Qc7 13. Bb1 Bc8 14. Qc2 Re8
15. h3 Nxe5 16. dxe5 Nd7 17. Qh7+ Kf8 18. Qh8+ Ke7 19. Qxg7 Qd8 20. Qxh6 Rh8
21. Qf4 Ke8 22. Re3 Rh4 23. g4 Qb6 24. Nb3 Qd8 25. Nd4 Qb6 26. Rf3 Rh7 27. Bxh7
Qxb2 28. Qxf7+ Kd8 29. Nxe6# 1-0

[Event "DM 2021 Kort Paaske 1"]
[Site "Svendborg"]
[Date "2021.10.17"]
[Round "3.5"]
[White "Andersen, Sten Bo"]
[Black "Skytte, Robert"]
[Result "0-1"]
[WhiteElo "1399"]
[BlackElo "1247"]
[PlyCount "136"]
[EventDate "2021.10.17"]
[EventType "swiss"]
[EventRounds "5"]
[EventCountry "DEN"]

1. e4 c6 2. d4 d5 3. Nc3 dxe4 4. Nxe4 Nf6 5. Nxf6+ exf6 6. a3 Bd6 7. Nf3 O-O 8.
Be3 Re8 9. Bd3 Nd7 10. O-O Nf8 11. c4 Bg4 12. h3 Bh5 13. c5 Bc7 14. Bf5 Qd5 15.
Bg4 Bxg4 16. hxg4 Rad8 17. b4 f5 18. gxf5 Qxf5 19. Qb3 Qh5 20. Rfe1 Qg4 21. Qd1
Ng6 22. a4 Bf4 23. Ra3 Bxe3 24. Raxe3 Qd7 25. Rxe8+ Rxe8 26. Rxe8+ Qxe8 27. g3
h6 28. d5 cxd5 29. Qxd5 Qc8 30. Ne5 Nxe5 31. Qxe5 Qd8 32. Qd6 Qxd6 33. cxd6 Kf8
34. f4 Ke8 35. Kf2 Kd7 36. Ke3 Kxd6 37. Kd4 f5 38. Kc4 a6 39. a5 g6 40. b5
axb5+ 41. Kxb5 Kc7 42. Kc5 g5 43. Kd5 gxf4 44. gxf4 Kd7 45. Ke5 Ke7 46. Kxf5
Kf7 47. Kg4 Kf6 48. f5 h5+ 49. Kxh5 Kxf5 50. Kh4 Ke5 51. Kg4 Kd5 52. Kf3 Kc5
53. Ke2 Kb5 54. Kd2 Kxa5 55. Kc3 Ka4 56. Kb2 Kb4 57. Ka1 Kc3 58. Kb1 Kb3 59.
Ka1 Kc2 60. Ka2 b5 61. Ka3 Kc3 62. Ka2 b4 63. Kb1 Kb3 64. Ka1 Kc2 65. Ka2 b3+
66. Ka1 b2+ 67. Ka2 b1=Q+ 68. Ka3 Qb3# 0-1

[Event "DM 2021 Kort Paaske 1"]
[Site "Svendborg"]
[Date "2021.10.18"]
[Round "4.1"]
[White "Hansen, Mikkel Strandby"]
[Black "Werner, Jakob"]
[Result "1-0"]
[WhiteElo "1763"]
[BlackElo "1686"]
[PlyCount "101"]
[EventDate "2021.10.17"]
[EventType "swiss"]
[EventRounds "5"]
[EventCountry "DEN"]

1. d4 d5 2. Nf3 Nf6 3. Bf4 e6 4. e3 Be7 5. h3 Nbd7 6. Bd3 c5 7. c3 Qb6 8. Qc1
c4 9. Bc2 Bd6 10. Bxd6 Qxd6 11. Nbd2 b5 12. O-O O-O 13. e4 dxe4 14. Nxe4 Nxe4
15. Bxe4 Rb8 16. Re1 Bb7 17. Ng5 h6 18. Bxb7 Rxb7 19. Ne4 Qc7 20. Qe3 a5 21.
Rad1 Rb6 22. Re2 Rc6 23. Qf3 b4 24. Rdd2 Rb8 25. g4 Rb5 26. Ng3 Nf6 27. Re5 Qb7
28. Ne4 Nxe4 29. Qxe4 Rd6 30. Qxb7 Rxb7 31. Rxa5 Kf8 32. f4 Rdb6 33. Ra4 bxc3
34. bxc3 Rb1+ 35. Kf2 Rc1 36. Rxc4 Rbb1 37. Ke3 Rf1 38. a4 Ra1 39. Rb2 Rae1+
40. Re2 Ra1 41. Rb2 Ke7 42. Rc7+ Kf6 43. Rbb7 Rfe1+ 44. Kd3 Red1+ 45. Kc4 Rxa4+
46. Kb3 Rb1+ 47. Kxa4 Ra1+ 48. Kb3 h5 49. Rxf7+ Kg6 50. Rxg7+ Kh6 51. g5# 1-0

[Event "DM 2021 Kort Paaske 1"]
[Site "Svendborg"]
[Date "2021.10.18"]
[Round "4.2"]
[White "Snedker, Oliver Kaehne"]
[Black "Hansen, Alex"]
[Result "1/2-1/2"]
[WhiteElo "1463"]
[BlackElo "1862"]
[PlyCount "35"]
[EventDate "2021.10.17"]
[EventType "swiss"]
[EventRounds "5"]
[EventCountry "DEN"]

1. e4 e5 2. Nf3 Nc6 3. Bb5 a6 4. Ba4 Nf6 5. O-O d6 6. Re1 Bg4 7. c3 b5 8. Bc2
Be7 9. a4 O-O 10. d3 Nd7 11. h3 Bh5 12. Be3 b4 13. Nbd2 a5 14. d4 exd4 15. cxd4
h6 16. Rc1 Bf6 17. Nf1 Nb6 18. Bd3 1/2-1/2

[Event "DM 2021 Kort Paaske 1"]
[Site "Svendborg"]
[Date "2021.10.18"]
[Round "4.3"]
[White "Olesen, Poul Guldbaek"]
[Black "Dreyer Stapput, Jakob"]
[Result "0-1"]
[WhiteElo "1440"]
[BlackElo "1496"]
[PlyCount "84"]
[EventDate "2021.10.17"]
[EventType "swiss"]
[EventRounds "5"]
[EventCountry "DEN"]

1. Nf3 Nf6 2. d4 g6 3. c4 Bg7 4. Nc3 O-O 5. e4 d6 6. Be3 e5 7. Qd2 Nc6 8. dxe5
dxe5 9. Rd1 Bg4 10. Be2 Qxd2+ 11. Rxd2 Rfd8 12. O-O Bxf3 13. Rxd8+ Rxd8 14.
Bxf3 Nd4 15. Bxd4 exd4 16. Rd1 c6 17. e5 Ne8 18. Ne4 Bxe5 19. Nc5 Nd6 20. b3
Re8 21. Nd3 Bg7 22. Nf4 Ne4 23. Ne2 Ng5 24. Kf1 Nxf3 25. gxf3 c5 26. Ng3 f5 27.
h4 h5 28. Ne2 Be5 29. Kg2 Kg7 30. Kh3 Bc7 31. Ng3 Bxg3 32. fxg3 Re2 33. b4 b6
34. a4 Rc2 35. Re1 Kf7 36. bxc5 bxc5 37. Rb1 Rxc4 38. Rb7+ Ke6 39. Rxa7 d3 40.
Rb7 d2 41. Rb1 Rc1 42. Rb6+ Kf7 0-1

[Event "DM 2021 Kort Paaske 1"]
[Site "Svendborg"]
[Date "2021.10.18"]
[Round "4.4"]
[White "Nielsen, Michael V"]
[Black "Andersen, Sten Bo"]
[Result "0-1"]
[WhiteElo "1601"]
[BlackElo "1399"]
[PlyCount "84"]
[EventDate "2021.10.17"]
[EventType "swiss"]
[EventRounds "5"]
[EventCountry "DEN"]

1. c4 e6 2. d4 Nf6 3. e3 Bb4+ 4. Bd2 Bxd2+ 5. Nxd2 O-O 6. Bd3 b6 7. Qf3 d5 8.
Ne2 Bb7 9. Nf4 c6 10. O-O Nbd7 11. Qg3 e5 12. dxe5 Nxe5 13. Nxd5 Nxd3 14. Nxf6+
Qxf6 15. b3 c5 16. Nf3 Bxf3 17. Qxf3 Ne5 18. Qxf6 gxf6 19. Rad1 Rad8 20. h3 h6
21. f4 Nc6 22. Kf2 Rxd1 23. Rxd1 Rd8 24. Rxd8+ Nxd8 25. Kf3 f5 26. e4 fxe4+ 27.
Kxe4 f6 28. Kd5 Kf7 29. Kd6 Ke8 30. a4 Nb7+ 31. Ke6 Na5 32. Kxf6 Nxb3 33. g4
Kf8 34. Kg6 Nd2 35. Kxh6 Nxc4 36. g5 Ne3 37. g6 Nf5+ 38. Kg5 Ng7 39. h4 c4 40.
h5 c3 41. h6 Kg8 42. Kf6 c2 0-1

[Event "DM 2021 Kort Paaske 1"]
[Site "Svendborg"]
[Date "2021.10.18"]
[Round "4.5"]
[White "Hansen, Patrick Noumedem"]
[Black "Skytte, Robert"]
[Result "0-1"]
[WhiteElo "1178"]
[BlackElo "1247"]
[PlyCount "130"]
[EventDate "2021.10.17"]
[EventType "swiss"]
[EventRounds "5"]
[EventCountry "DEN"]

1. d4 d5 2. c4 e6 3. b3 Nf6 4. e3 Be7 5. Nf3 b6 6. a3 Bb7 7. Bb2 Nbd7 8. Bd3
O-O 9. O-O c5 10. Nbd2 cxd4 11. Bxd4 dxc4 12. Bxc4 Bd5 13. Bxd5 Nxd5 14. e4
N5f6 15. Re1 Rc8 16. b4 Qc7 17. Qe2 Qb7 18. Rac1 Rxc1 19. Rxc1 Rc8 20. Rxc8+
Qxc8 21. h3 Qc1+ 22. Kh2 Qxa3 23. Bxf6 Nxf6 24. e5 Nd5 25. Qb5 Qxb4 26. Qe8+
Bf8 27. Ng5 Qe7 28. Qxe7 Bxe7 29. Ngf3 a5 30. Nb3 a4 31. Nc1 Ba3 32. Na2 Bb2
33. Ne1 b5 34. Nc2 Nc3 35. Nxc3 Bxc3 36. Kg1 b4 37. Kf1 b3 38. Na3 b2 39. Ke2
Bb4 40. Kd1 Bxa3 41. Kc2 Bb4 42. Kxb2 a3+ 43. Ka2 Kf8 44. f4 Ke7 45. g4 f6 46.
h4 fxe5 47. fxe5 Kf7 48. h5 g6 49. hxg6+ Kxg6 50. Kb3 Kg5 51. Ka2 Kxg4 52. Kb3
h5 53. Ka2 h4 54. Kb3 h3 55. Ka2 h2 56. Kb3 h1=Q 57. Ka2 Qg2+ 58. Kb3 Qb2+ 59.
Kc4 Qc3+ 60. Kb5 Ba5 61. Ka6 a2 62. Kb5 a1=Q 63. Ka6 Bd8+ 64. Kb5 Qab2+ 65. Ka6
Qca3# 0-1

[Event "DM 2021 Kort Paaske 1"]
[Site "Svendborg"]
[Date "2021.10.18"]
[Round "5.1"]
[White "Dreyer Stapput, Jakob"]
[Black "Hansen, Mikkel Strandby"]
[Result "1/2-1/2"]
[WhiteElo "1496"]
[BlackElo "1763"]
[PlyCount "127"]
[EventDate "2021.10.17"]
[EventType "swiss"]
[EventRounds "5"]
[EventCountry "DEN"]

1. d4 e6 2. Nc3 d5 3. Bf4 Nf6 4. e3 Be7 5. Bd3 O-O 6. h3 c5 7. dxc5 Bxc5 8. Nf3
a6 9. O-O Nbd7 10. e4 dxe4 11. Nxe4 Nxe4 12. Bxe4 Nf6 13. Qe2 Qb6 14. Be5 Nxe4
15. Qxe4 f6 16. Bc3 e5 17. Nh4 Bd7 18. Qd5+ Be6 19. Qe4 Rad8 20. Nf5 Kh8 21.
Ne3 Bxe3 22. Qxe3 Qxe3 23. fxe3 Kg8 24. a3 Rd7 25. Rad1 Rfd8 26. Rxd7 Rxd7 27.
Kh2 Bc4 28. Re1 Kf7 29. Kg3 Ke6 30. Kg4 Kf7 31. Bb4 Rc7 32. Bc3 Rd7 33. Bb4
Be6+ 34. Kf3 Kg6 35. Re2 Bd5+ 36. Kf2 Be4 37. g3 b6 38. Rd2 Rxd2+ 39. Bxd2 Bxc2
40. Bc3 Be4 41. b4 Kf5 42. a4 Bc6 43. a5 bxa5 44. bxa5 g5 45. Bb4 h5 46. Be7
Kg6 47. h4 Kf5 48. hxg5 fxg5 49. Bd8 Kg4 50. Bf6 Kf5 51. Bd8 Kg4 52. Bf6 e4 53.
Be7 h4 54. gxh4 gxh4 55. Bd6 Bd7 56. Bc7 h3 57. Bd6 Kf5 58. Bc7 Ke6 59. Kg3 Kd5
60. Bb6 Kc4 61. Bd4 Kd3 62. Kh2 Ke2 63. Bb6 Kf1 64. Bd4 1/2-1/2

[Event "DM 2021 Kort Paaske 1"]
[Site "Svendborg"]
[Date "2021.10.18"]
[Round "5.2"]
[White "Werner, Jakob"]
[Black "Snedker, Oliver Kaehne"]
[Result "1-0"]
[WhiteElo "1686"]
[BlackElo "1463"]
[PlyCount "131"]
[EventDate "2021.10.17"]
[EventType "swiss"]
[EventRounds "5"]
[EventCountry "DEN"]

1. d4 d5 2. c4 c6 3. Nc3 Nf6 4. Nf3 e6 5. Bg5 Nbd7 6. cxd5 exd5 7. e3 Bd6 8.
Bd3 Qc7 9. Rc1 a6 10. O-O O-O 11. Re1 Re8 12. Qc2 b6 13. e4 h6 14. Bxf6 dxe4
15. Nxe4 gxf6 16. Qxc6 Qxc6 17. Rxc6 Bb4 18. Rec1 Bb7 19. Nxf6+ Nxf6 20. Rxf6
Bxf3 21. Rxf3 Rad8 22. Re3 b5 23. Rxe8+ Rxe8 24. Rd1 Re1+ 25. Rxe1 Bxe1 26. Kf1
Bb4 27. Ke2 Kg7 28. Ke3 Kf6 29. Be4 Bd6 30. h3 Bc7 31. Kd3 Ke7 32. a3 Kd6 33.
Bb7 a5 34. Ke4 b4 35. axb4 axb4 36. Kf5 Ke7 37. Bd5 Bb6 38. Ke4 f6 39. Kd3 Bc7
40. Ke4 Bb6 41. f3 Kd6 42. Bg8 Ke7 43. Kd5 Bc7 44. b3 f5 45. Kc4 Bd6 46. f4 h5
47. g3 h4 48. gxh4 Bxf4 49. Kxb4 Bc1 50. Bd5 Kd6 51. Bf3 Be3 52. Kc4 Bf2 53. h5
Be3 54. b4 Bg5 55. b5 Kc7 56. Bc6 Kd6 57. Kd3 Bh6 58. Bf3 Kc7 59. Kc4 Bf8 60.
Kd5 Kd7 61. b6 Bg7 62. b7 Kc7 63. Ke6 Bxd4 64. Kxf5 Kd7 65. b8=Q Bf6 66. Qb7+
1-0

[Event "DM 2021 Kort Paaske 1"]
[Site "Svendborg"]
[Date "2021.10.18"]
[Round "5.3"]
[White "Skytte, Robert"]
[Black "Hansen, Alex"]
[Result "0-1"]
[WhiteElo "1247"]
[BlackElo "1862"]
[PlyCount "26"]
[EventDate "2021.10.17"]
[EventType "swiss"]
[EventRounds "5"]
[EventCountry "DEN"]

1. d4 d5 2. Bf4 e6 3. e3 Bd6 4. Bg3 Ne7 5. Nf3 Nf5 6. Bd3 Nxg3 7. hxg3 h6 8. c4
c6 9. Nc3 Nd7 10. Qe2 Qa5 11. a3 dxc4 12. Bxc4 b5 13. b4 Bxb4 0-1

[Event "DM 2021 Kort Paaske 1"]
[Site "Svendborg"]
[Date "2021.10.18"]
[Round "5.4"]
[White "Andersen, Sten Bo"]
[Black "Olesen, Poul Guldbaek"]
[Result "0-1"]
[WhiteElo "1399"]
[BlackElo "1440"]
[PlyCount "118"]
[EventDate "2021.10.17"]
[EventType "swiss"]
[EventRounds "5"]
[EventCountry "DEN"]

1. e4 c5 2. Nf3 d6 3. h3 Nf6 4. Nc3 g6 5. Bc4 Bg7 6. d3 O-O 7. O-O Nc6 8. a3 e6
9. Re1 d5 10. exd5 exd5 11. Ba2 d4 12. Ne4 b6 13. c4 dxc3 14. Nxc3 Bf5 15. Bc4
a6 16. Bg5 b5 17. Bd5 Qd6 18. Bxf6 Bxf6 19. Be4 Qd7 20. Rb1 Rad8 21. Nd5 Bg7
22. Bxf5 Qxf5 23. Ne3 Qxd3 24. Qxd3 Rxd3 25. Ng4 Nd4 26. Nge5 Nxf3+ 27. Nxf3
Rb3 28. Re2 Rd8 29. Rc2 c4 30. Nd2 Rbd3 31. Ne4 Rd1+ 32. Rxd1 Rxd1+ 33. Kh2
Be5+ 34. g3 Rb1 35. Nc5 a5 36. a4 Bd4 37. Nb7 Rxb2 38. Rxb2 Bxb2 39. axb5 a4
40. Nc5 Bd4 41. Nxa4 c3 42. b6 c2 43. b7 Be5 44. Nc5 c1=Q 45. Nd3 Qc7 46. f4
Qxb7 47. Nxe5 f5 48. h4 Kg7 49. Kg1 Kh6 50. Kf2 Kh5 51. Kg1 Qb3 52. Kg2 Qc2+
53. Kf3 Qd1+ 54. Kf2 Qh1 55. Nf3 Kg4 56. Ne5+ Kh3 57. Nf3 Qg2+ 58. Ke3 Kxg3 59.
Ne1 Qf2+ 0-1

[Event "DM 2021 Kort Paaske 1"]
[Site "Svendborg"]
[Date "2021.10.18"]
[Round "5.5"]
[White "Hansen, Patrick Noumedem"]
[Black "Nielsen, Michael V"]
[Result "1/2-1/2"]
[WhiteElo "1178"]
[BlackElo "1601"]
[PlyCount "92"]
[EventDate "2021.10.17"]
[EventType "swiss"]
[EventRounds "5"]
[EventCountry "DEN"]

1. d4 d5 2. c4 dxc4 3. e3 Bf5 4. Bxc4 e6 5. Qf3 c6 6. b3 Nf6 7. Qd1 Be7 8. Nf3
O-O 9. Nbd2 b5 10. Be2 Na6 11. Bb2 Nb4 12. O-O a5 13. a3 Nbd5 14. Ne5 Qc7 15.
Bf3 Rad8 16. e4 Nxe4 17. Nxe4 c5 18. dxc5 Ne3 19. Qe2 Nxf1 20. Rxf1 f6 21. Ng4
Bxg4 22. Bxg4 f5 23. Bf3 fxe4 24. Bxe4 Qxc5 25. Qg4 e5 26. Qe6+ Kh8 27. Bxe5
Bf6 28. Qf5 Kg8 29. Qxh7+ Kf7 30. Bxf6 Kxf6 31. Qg6+ Ke7 32. Qxg7+ Rf7 33. Qh6
Qe5 34. Qh4+ Qf6 35. Qg3 Kf8 36. Qe3 Rd4 37. Bd3 b4 38. axb4 axb4 39. Bc4 Re7
40. Qh3 Rd2 41. Qc8+ Kg7 42. Qg8+ Kh6 43. Qg3 Rg7 44. Qe3+ Qg5 45. Qh3+ Qh5 46.
Qe6+ Qg6 1/2-1/2